000 00428nam a2200157 i 4500
001 146684
003 ES-MaACL
005 20230906201631.0
007 t|
008 070914s1945 xxu ||||1| eng d
100 1 _aTregaskis, Richard.
_9111278
245 1 0 _aStronger than fear /
_cby Richard Tregaskis.
260 _aNew York :
_bRandom House,
_c1945.
300 _a144 p. ;
_c19 cm.
852 _aES-MaACL
_jC-25103
_bR.54098
999 _c146684
_d146684